000 00675cam8a220021700 4500
001 tmp15826642
003 UPRA
005 20190822092344.0
008 951103s1973 enk eng u
035 _a(Sirsi) r93092
035 _a(UPRA)tmp15826642
040 _cUPRA
100 1 _aOwen, Frank 1922-1982
_dOwen, Frank 1922-1982
_6A115113.1
245 1 0 _aModern analytical techniques /
_c[by] Frank Owen [and] Ronald H. Jones.
260 _aStockport :
_bPolytech Publishers,
_c[1973]
650 0 _aMathematical analysis.
_6S410.1
700 1 _aJones, Ronald H.
_6A51904.1
949 _aQA300
_wlcc
_i-130943
_mMAIN
_tBOOK
_lON-SHELF
004 93092
987 _aWITHDRAWN
999 _c126664
_d126664